000 00934nam a22002655i 4500
001 177524
003 ES-MaACL
005 20230906220345.0
008 110330s1971 sp ao |||| | spa d
080 _a576.32
080 _a616-056.7
100 1 _aBallesta Martínez, Francisca.
_9145911
245 1 0 _aCromosomopatías autosómicas /
_cpor Francisca Ballesta Martínez, Antonio Baldellou Vázquez.
250 _a1ª ed.
260 _aBarcelona :
_bEspaxs,
_c1971.
300 _a167 p. :
_bil. bl. y n. ;
_c23 cm.
490 1 _aMonografías de la Cátedra de Pediatría de Barcelona ;
_v2
500 _aÍndices.
504 _aBibliografía: p. 147-164.
650 4 _aCromosomas humanos-
_xAnomalías.
_9145912
700 1 _aBaldellou Vázquez, Antonio.
_9145913
830 0 _aMonografías de la Cátedra de Pediatría de Barcelona ;
_v2
_9224194
852 _aES-MaACL
_jE-14736
_xOlim P-1685
999 _c177524
_d177524